000 00629nam a2200241Ia 4500
003 OSt
005 20221007071317.0
006 a|||||r|||| 00| 0
007 ta
008 221006b |||||||| |||| 00| 0 eng d
024 _a24,666
037 _cTextual
040 _aFLL
_cFLL
_beng
041 _2eng
_aeng
082 _aZ3:2, J8 1
100 _aCheshire G.C.
_9152548
245 0 _amodern law of real property
250 _a8th
260 _aLondon
_bButterworths & Co. Pvt. Ltd. UK
_c1958
300 _alxi,910,55p
_ccm.
942 _hZ3:2, J8 1
_cTEXL
_2CC
999 _c1143024
_d1143024